00323nam a2200121Ia 4500008004100000020001400041050001500055100001700070245003600087260004100123300002400164650001300188150202s9999 xx 000 0 und d a373761376 aFIC bFIC  aSmall, Lass. aTeken by a Texan /cLass Small. aNew York :bSilhouette Books,c1998. a184 pages :c18 cm. aFiction.